Statistics for Can you name all of Britney Spears' top 10 UK singles?

Click here to take the quiz!

General Stats

  • This quiz has been taken 536 times
  • The average score is 14 of 22

Answer Stats

Hint Answer % Correct
1998Baby One More Time
98%
2004Toxic
94%
2000Oops! I Did It Again
92%
2008Womanizer
76%
2001I'm A Slave 4 You
75%
1999(You Drive Me) Crazy
72%
2004Everytime
71%
2000Lucky
70%
1999Sometimes
70%
2000Stronger
66%
2007Gimme More
64%
2007Piece Of Me
60%
2002Me Against The Music
57%
2013Work B*tch
56%
1999Born To Make You Happy
56%
2002I'm Not A Girl, Not Yet A Woman
55%
2001Overprotected
53%
20093
53%
2002Boys
51%
2011Hold It Against Me
51%
2004My Prerogative
47%
2005Do Somethin'
35%

Score Distribution

Percentile by Number Answered

Percent of People with Each Score

Your Score History

You have not taken this quiz